Apricot culture and decline

Сохранить в:
Библиографические подробности
Главный автор: Klement, Z (Автор)
Формат:
Язык:английский
Опубликовано: Wageningen ISHS 1986
Серии:Acta Horticulturae, 192
Предметы:
Метки: Добавить метку
Нет меток, Требуется 1-ая метка записи!

MARC

LEADER 00000nam a2200000 a 4500
001 UCY1540
003 CL-VaPUC
005 20220315074411.0
008 940907e19860000ne 1 eng d
082 0 4 |a 634.21  |b KLE  |2 21 
100 1 |a Klement, Z  |e author  |9 617046 
245 1 0 |a Apricot culture and decline 
260 |a Wageningen  |b ISHS  |c 1986 
300 |a 533 p 
490 0 |a Acta Horticulturae, 192 
583 |a last modification  |c 20190821 09:28:53  |k Rodrigo Vera 
650 0 7 |a DAMASCOS  |2 CL-VaPUC  |9 404746 
650 0 0 |a Congresos  |9 257560 
942 |c BK 
945 |a mfernand  |d 19940907 00:00:00 
546 |a En Inglés 
536 |a ISHS 
518 |p International symposium on Apricot Culture and Decline, 8, Kecskemet, 1985 
999 |c 382268  |d 382266